| 000 | 00851cab a2200277 4500 | ||
|---|---|---|---|
| 001 | ABS52769 | ||
| 008 | 090401t1995 xxu||||| |||| 00| 0 eng d | ||
| 035 | _a(Sirsi) u27 | ||
| 041 | _aeng | ||
| 100 | _aGray, P. | ||
| 245 | _aEffective PR communicates the role of property | ||
| 260 | _c1995 | ||
| 350 | _a0 | ||
| 490 |
_aProperty Review _v5(3) April 1995, 81-83(3) |
||
| 520 | _aPromotes the use of PR and marketing skills to publicise serious efforts by property professionals to set property in an economic context. | ||
| 650 | _aABOUT RICS-RICS MEMBERS | ||
| 650 | _aPROPERTY-COMMERCIAL PROPERTY | ||
| 650 | _aCORPORATE ADVISERS | ||
| 650 | _aECONOMY | ||
| 650 | _aIMAGE | ||
| 650 | _aMARKETING | ||
| 650 | _aPUBLIC RELATIONS | ||
| 690 | _aMANAGEMENT-BUSINESS MANAGEMENT-PROFESSIONAL PRACTICE | ||
| 942 | _n0 | ||
| 948 | _c04/03/1997 | ||
| 999 |
_c10 _d10 |
||